Sustainable Consumption in Individual Regions of the Slovak Republic from the Point of View of Waste Management

Zmapovanie stavu nakladania s odpadmi v Slovenskej republike a zhodnotenie vývoja v jednotlivých regiónoch.

Na minha lista:
Detalhes bibliográficos
Autor principal: Šagátová, Slavka, 1975-
Formato: Capítulo de Livro
Idioma:eslovaco
Assuntos:
Tags: Adicionar Tag
Sem tags, seja o primeiro a adicionar uma tag!

MARC

LEADER 00000naa$a2200000$$$4500
001 0281074
005 20240530065027.3
041 0 |a slo 
044 |a CZ 
245 1 0 |a Sustainable Consumption in Individual Regions of the Slovak Republic from the Point of View of Waste Management  |c Slávka Šagátová 
520 |a Zmapovanie stavu nakladania s odpadmi v Slovenskej republike a zhodnotenie vývoja v jednotlivých regiónoch. 
610 2 0 |a odpad 
610 2 0 |a spotreba udržateľná 
610 2 0 |a hospodárstvo odpadové 
610 2 0 |a Slovensko 
100 1 |a Šagátová, Slavka, 1975-